Центрально-Кавказский высокогорный природный очаг чумы (Запись № 12597803)

Подробности
000 -МАРКЕР
контрольное поле 03725nam0a2200457 4500
001 - ИДЕНТИФИКАТОР ЗАПИСИ
контрольное поле RU\NLR\BIBL_A\012905938
005 - ИДЕНТИФИКАТОР ВЕРСИИ
контрольное поле 20221212140403.0
010 ## - МЕЖДУНАРОДНЫЙ СТАНДАРТНЫЙ НОМЕР КНИГИ (ISBN)
Номер (ISBN) 978-5-9631-0945-8
Тираж 150
021 ## - НОМЕР ГОСУДАРСТВЕННОЙ РЕГИСТРАЦИИ
Код страны Российская Федерация
Номер КН-П-22-054589
Номер Листа государственной регистраци КН-П-22-4734
035 ## - ДРУГИЕ СИСТЕМНЫЕ НОМЕРА
Идентификатор записи (NLR Aleph) 012905938
035 ## - ДРУГИЕ СИСТЕМНЫЕ НОМЕРА
Идентификатор записи (RuMoRGB)011180343
100 ## - ДАННЫЕ ОБЩЕЙ ОБРАБОТКИ
Данные общей обработки 20221010d2022 k y0rusy50 ca
101 0# - ЯЗЫК РЕСУРСА
Язык текста, звукозаписи и т.д. русский
102 ## - СТРАНА ПУБЛИКАЦИИ ИЛИ ПРОИЗВОДСТВА
Страна публикации Российская Федерация
105 ## - ПОЛЕ КОДИРОВАННЫХ ДАННЫХ: ТЕКСТОВЫЕ МАТЕРИАЛЫ, МОНОГРАФИЧЕСКИЕ
Кодированные данные о монографическом текстовом документе ac z 010zy
181 #0 - ПОЛЕ КОДИРОВАННЫХ ДАННЫХ: ВИД СОДЕРЖАНИЯ
Код вида содержания (ISBD) i
Код характеристики содержания (ISBD) axxe
182 #0 - ПОЛЕ КОДИРОВАННЫХ ДАННЫХ: ТИП СРЕДСТВА
Код типа средства (ISBD) n - непосредственное
200 1# - ЗАГЛАВИЕ И СВЕДЕНИЯ ОБ ОТВЕТСТВЕННОСТИ
Основное заглавие Центрально-Кавказский высокогорный природный очаг чумы
Сведения, относящиеся к заглавию эпизоотология, эпидемиология, микробиология возбудителя
-- монография
Первые сведения об ответственности А. Н. Куличенко, В. М. Дубянский, М. П. Григорьев [и др.]
Последующие сведения об ответственности под редакцией доктора медицинских наук, профессора, члена-корреспондента РАН А. Н. Куличенко, доктора биологических наук В. М. Дубянского
203 ## - ВИД СОДЕРЖАНИЯ И ТИП СРЕДСТВА
Вид содержания Текст
Дополнительные сведения об издании визуальный
Тип средства непосредственный
210 ## - ПУБЛИКАЦИЯ, РАСПРОСТРАНЕНИЕ И ДР.
Место издания, распространения и т.д. Ставрополь
Имя издателя, распространителя и т. д. Принт
Дата издания, распространения и т.д. 2022
215 ## - ФИЗИЧЕСКАЯ ХАРАКТЕРИСТИКА
Специфическое обозначение материала и объем 207 с.
Другие сведения о физической характеристике ил., цв. ил., портр., табл.
Размеры 24
300 ## - ОБЩИЕ ПРИМЕЧАНИЯ
Текст примечания Авт. указаны на обороте тит. с.
300 ## - ОБЩИЕ ПРИМЕЧАНИЯ
Текст примечания Посвящ. 70-летию Ставропол. противочум. ин-та
320 ## - ПРИМЕЧАНИЯ О НАЛИЧИИ В ДОКУМЕНТЕ БИБЛИОГРАФИИ / УКАЗАТЕЛЯ
Текст примечания Библиогр.: с. 162-200 (436 назв.)
330 ## - РЕЗЮМЕ ИЛИ РЕФЕРАТ
Текст примечания В монографии обобщены результаты многолетнего изучения Центрально-Кавказского природного очага чумы. В хронологическом порядке изложены сведения, свидетельствующие об эпидемических проявлениях чумы на Центральном Кавказе, а также история изучения очага, начиная с момента открытия. Дана физико-географическая характеристика территории, в частности, описаны ландшафтно-климатические условия обитания основного носителя чумы-горного суслика. Приведены данные о микробиологии и генетике возбудителя чумы в Центрально-Кавказском высокогорном природном очаге. Описаны свойства штаммов, их генетическая вариабельность, выявлены территориальные закономерности распределения штаммов
606 1# - НАИМЕНОВАНИЕ ТЕМЫ КАК ПРЕДМЕТ
Наименование темы Чума
Тематический подзаголовок Эпидемиология
Географический подзаголовок Кавказ Центральный
Системный номер авторитетной/нормативной записи 2536392
Идентификатор авторитетной/нормативной записи RU\NLR\AUTH\6601715577
606 1# - НАИМЕНОВАНИЕ ТЕМЫ КАК ПРЕДМЕТ
Наименование темы Чумные бактерии
Системный номер авторитетной/нормативной записи 1089174
Идентификатор авторитетной/нормативной записи RU\NLR\AUTH\66107962
606 1# - НАИМЕНОВАНИЕ ТЕМЫ КАК ПРЕДМЕТ
Наименование темы Чума
Тематический подзаголовок Эпизоотология
Географический подзаголовок Кавказ Центральный
Системный номер авторитетной/нормативной записи 2536395
Идентификатор авторитетной/нормативной записи RU\NLR\AUTH\6601715579
675 ## - УНИВЕРСАЛЬНАЯ ДЕСЯТИЧНАЯ КЛАССИФИКАЦИЯ (UDC/УДК)
Индекс 616.98:578.833.31(479)
Издание 4
686 1# - ИНДЕКСЫ ДРУГИХ КЛАССИФИКАЦИЙ
Индекс Р192.9(2Р37)
686 1# - ИНДЕКСЫ ДРУГИХ КЛАССИФИКАЦИЙ
Индекс Р194.78
686 1# - ИНДЕКСЫ ДРУГИХ КЛАССИФИКАЦИЙ
Индекс Р264.923.3
686 1# - ИНДЕКСЫ ДРУГИХ КЛАССИФИКАЦИЙ
Индекс П873.230-0(2Р37)
701 #1 - ИМЯ ЛИЦА - АЛЬТЕРНАТИВНАЯ ОТВЕТСТВЕННОСТЬ
Начальный элемент ввода Куличенко
Часть имени, кроме начального элемента ввода А. Н.
Расширение инициалов личного имени Александр Николаевич
701 #1 - ИМЯ ЛИЦА - АЛЬТЕРНАТИВНАЯ ОТВЕТСТВЕННОСТЬ
Начальный элемент ввода Дубянский
Часть имени, кроме начального элемента ввода В. М.
Расширение инициалов личного имени Владимир Маркович
701 #1 - ИМЯ ЛИЦА - АЛЬТЕРНАТИВНАЯ ОТВЕТСТВЕННОСТЬ
Графика поля Кириллица
Материалы, к которым относится поле rus
Начальный элемент ввода Григорьев
Часть имени, кроме начального элемента ввода М. П.
Дополнения к именам, кроме дат канд. биол. наук
Даты 1957-
Расширение инициалов личного имени Михаил Павлович
Системный номер авторитетной/нормативной записи 249532
Идентификатор авторитетной/нормативной записи RU\NLR\AUTH\770249588
942 ## - ДОПОЛНИТЕЛЬНЫЕ ЭЛЕМЕНТЫ ЗАПИСИ (АБИС)
Тип экземпляра АБИС Книга
980 ## - КОЛЛЕКЦИЯ
Название коллекции Национальная библиография
Экземпляры
Тип экземпляра Дата поступления Источник поступления Библиотека постоянного хранения Библиотека текущего хранения Место хранения Шифр хранения Штрих-код Статус экземпляра
Книга 10.10.2022 Обязательный экземпляр РНБ (Московский) РНБ (Московский) Русский книжный фонд: издания с 1957 года 2022-7/7228 1-4003166  
Книга 10.10.2022 Обязательный экземпляр РНБ (Московский) РНБ (Московский) Русский книжный фонд: издания с 1957 года 2022-7/7228 1-4003167